000
00307nam a2200109 4500
008
180215b xxu||||| |||| 00| 0 eng d
245
_a
Diabetes cases worldwide soar to 422 million- WHO.
260
_a
Philippines
_b
Manila Bulletin
_c
c2016
300
_a
page 2.
650
0
_9
26558
_a
Diabetes.
942
_2
ddc
_c
PER
999
_c
8683
_d
8683